Representación y democracia avanzada

Uloženo v:
Podrobná bibliografie
Hlavní autor: Porras Nadales, Antonio J (Autor)
Médium: Kniha
Jazyk:španělština
Vydáno: Madrid Centro de Estudios Constitucionales 1994
Vydání:1a. ed
Edice:Cuadernos y Debates, 50
Témata:
Tagy: Přidat tag
Žádné tagy, Buďte první, kdo vytvoří štítek k tomuto záznamu!

MARC

LEADER 00000cam a2200000 a 4500
001 UCC9891
003 CL-VaPUC
005 20220802074453.0
008 191122e19940000sp spa d
020 |a 8425909635 
082 0 4 |a 320.011  |b POR  |2 21 
100 1 |a Porras Nadales, Antonio J  |e author  |9 605209 
245 1 0 |a Representación y democracia avanzada 
250 |a 1a. ed 
260 |a Madrid  |b Centro de Estudios Constitucionales  |c 1994 
300 |a 126 p 
490 0 |a Cuadernos y Debates, 50 
583 |a last modification  |c 20191122 12:01:00  |k Rodrigo Vera 
650 0 0 |a Representación política   |9 362081 
650 0 0 |a Democracia  |9 255256 
942 |c BK 
945 |a dcastane  |d 20191122 12:01:00 
999 |c 376200  |d 376198 
952 |0 0  |1 0  |3 erb  |4 0  |6 320_011000000000000_POR_1994  |7 0  |8 A  |9 495505  |a BIBDER  |b BIBDER  |e Precht Pizarro, Jorge Enrique  |i 5610168  |o 320.011 POR 1994  |p 5610168  |r 2023-01-25  |w 2020-01-06  |y BK  |z Catalogado en:20191122  |k DER